00301nam a2200121Ia 4500008004100000100002100041245005000062260002500112300000800137650001000145942000700155999001700162190216s9999||||xx |||||||||||||| ||und|| aUmesh Kumar Upal 0aHindi-Gazal Vidha Aur Dr. Karyee Kee Gazalein bSlok Prakashanc2009 a160 aHindi cBK c16855d16855